History Quiz

Random History or Clickable Quiz

Famous Person by Last Will Quiz Stats

 Plays Quiz Updated Apr 7, 2016

Also try: Famous Last Words
Challenge
Share
Tweet
Embed
Score 0/20 Timer 08:00
8 Plays Today
% Correct
John Lennon
93.6%
Princess Diana
93.5%
Frank Sinatra
92.3%
Michael Jackson
88.5%
William Shakespeare
87.4%
John F. Kennedy
86.7%
George Washington
85.8%
Michel Nostradamus
82.9%
Adolf Hitler
82.1%
Mark Twain
82.1%
% Correct
Benjamin Franklin
80.6%
Whitney Houston
79.3%
Thomas Jefferson
78.2%
Paul Newman
76.7%
Henry Fonda
75.8%
Katharine Hepburn
74%
Jerry Garcia
72.7%
George Steinbrenner
69%
Babe Ruth
61.5%
Joe DiMaggio
61.2%

You're not logged in!

Compare scores with friends on all Sporcle quizzes.
OR
Log In

You Might Also Like...

Show Comments

Extras

Top Quizzes Today


Score Distribution

Your Account Isn't Verified!

In order to create a playlist on Sporcle, you need to verify the email address you used during registration. Go to your Sporcle Settings to finish the process.

Report this User

Report this user for behavior that violates our Community Guidelines.

Details: